Least Known Countries - Statistics

General Stats
  • This quiz has been taken 4,295 times
    3,814 since last reset
  • The average score is 13 of 20
Answer Stats
Ranking Answer % Correct
2 Nauru
83%
6 Palau
81%
5 Tuvalu
81%
3 Kiribati
78%
13 Marshall Islands
77%
20 Tonga
76%
1 Sao Tome and Principe
75%
7 Vanuatu
74%
15 Solomon Islands
73%
19 Samoa
72%
9 Saint Vincent and the Grenadines
69%
4 Comoros
68%
8 East Timor
68%
14 Brunei
61%
17 Cape Verde
61%
10 Grenada
61%
18 Antigua and Barbuda
59%
11 Burundi
44%
12 Guinea-Bissau
40%
16 Burkina Faso
29%
No matching quizzes found
Score Distribution
Percent of People with Each Score
Percentile by Number Answered
Your Score History
You have not taken this quiz since the last reset